Responses for Show #8009 - Thursday, June 6, 2019

Emma Boettcher game 4.

Contestants

[<< previous game]

Salomé Gonstad, a freelance writer from Hanceville, Alabama

Brendan Roach, a policy researcher and advisor from Cambridge, Massachusetts

Emma Boettcher, a user experience librarian from Chicago, Illinois (whose 3-day cash winnings total $97,002)

[next game >>]

Jeopardy! Round responses

SOUND ADVICE
BUSINESS NAMES
COMIC BOOK SIDEKICKS
VITAMINS
MACAU
(Alex: The place.)
GOES "MOO"
    $200 28
treble

Emma
    $200 4
7-Eleven

Salomé
    $200 29
Captain America

Salomé
    $200 11
Vitamin C

Brendan!
    $200 30
Portugal

Brendan!
    $200 10
moonroof

Salomé
    $400 27
cork

Salomé
    $400 5
Insurance

Emma
    $400 13
Wonder Woman

Brendan!
    $400 19
(Brendan: What is Vitamin B? [*]?)

Vitamin B-12

Brendan!
    $400 21
gambling

Emma
    $400 9
moose

Salomé
    $600 14
(Emma: What are brakes?)

mufflers

EmmaBrendan!
    $600 6
Nikon

Triple Stumper
    $600 12
the Green Hornet

Salomé
    $600 20
Centrum

Triple Stumper
    $600 18
Mulan

Salomé
    $600 1
mood disorder

Emma
    $800 15
the Sirens

Brendan!
    $800 7
Sonoma

Emma
    $800 25
The Tick

Salomé
    $800 23
glaucoma

Salomé
    $800 3
Cantonese

Salomé
    $800 2
to moor

Brendan!
    $1000 17
THX

Triple Stumper
    $2,800 16
Hasbro

Brendan!
    $1000 26
Asterix

Emma
    $1000 24
niacin

Triple Stumper
    $1000 22
Opium War

Emma
    $1000 8
Moomins

Salomé

Scores at the first commercial break (after clue 15):

Emma Brendan! Salomé
$1,200 $2,800 $3,200

Scores at the end of the Jeopardy! Round:

Emma Brendan! Salomé
$3,800 $6,200 $6,000

Double Jeopardy! Round responses

MEMORABLE MOVIE CHARACTERS
FURNITURE
PEOPLE IN HISTORY
U.S. RIVERS THAT FLOW NORTH
A BIT OF LIT
(Alex: And then, you can...)
SPELL IT OR SAY IT?
    $400 17
The Fugitive

Emma
    $400 30
four-poster

Brendan!
    $400 21
Joan of Arc

Brendan!
    $400 29
(Alex: Guys, you're here. You're in [*].)

California

Triple Stumper
    $400 28
Prospero

Brendan!
    $400 27
REM

Salomé
    $800 16
Grumpy Old Men

Salomé
    $800 26
a conference table

Brendan!
    $800 12
the Rosenbergs

Emma
    $6,000 8
the Red River of the North

Emma
    $800 3
(Horatio) Alger

Emma
    $800 25
IRA

Emma
    $1200 13
Borat

Brendan!
    $1200 20
La-Z-Boy

Brendan!
    $1200 11
McClellan

Salomé
    $1200 7
the Columbia

Emma
    $1200 1
Ragtime

Emma
    $1200 22
Standard Time

Salomé
    $1600 14
Blue Velvet

Salomé
    $1600 19
commode

Triple Stumper
    $5,000 5
(Alex: You picked the right one. Well done.)

Warren Burger

Brendan!
    $1600 9
Lake Ontario and Lake Erie

Brendan!
    $1600 2
Goethe

Salomé
    $1600 23
ROTC

Salomé
    $2000 15
O-Ren Ishii

Triple Stumper
    $2000 18
(Brendan: What is a scriptorium?)

escritoire

Brendan!Salomé
    $2000 6
(Leon) Trotsky

Emma
    $2000 10
Monongahela

Brendan!
    $2000 4
a blackbird

Brendan!
    $2000 24
service

Emma

Scores at the end of the Double Jeopardy! Round:

Emma Brendan! Salomé
$19,000 $19,200 $16,400

[wagering suggestions for these scores]

Final Jeopardy! Round responses

AMERICAN MUSIC LEGENDS
SaloméWho is Woody Guthrie?
$16,400
EmmaWho is Bob Dylan? A Guthrie
$13,801
Brendan!Who is Woody Guthrie?
$19,000
Woody Guthrie

Final scores:

Emma Brendan! Salomé
$5,199 $38,200 $32,800
3rd place: $1,000 New champion: $38,200 2nd place: $2,000

Game dynamics:

Coryat scores:

Emma Brendan! Salomé
$13,800 $14,000 $16,400
16 R
(including 1 DD),
1 W
18 R
(including 2 DDs),
1 W
19 R,
0 W

Combined Coryat: $44,200

[game clues] [game scores] [suggest correction]

Game tape date: 2019-03-12
The J! Archive is created by fans, for fans. Scraping, republication, monetization, and malicious use prohibited; this site may use cookies and collect identifying information. See terms. The Jeopardy! game show and all elements thereof, including but not limited to copyright and trademark thereto, are the property of Jeopardy Productions, Inc. and are protected under law. This website is not affiliated with, sponsored by, or operated by Jeopardy Productions, Inc. Join the discussion at JBoard.tv.